Word Ladder: Dutch Touch Quiz Stats

Quiz Updated Sep 3, 2015

Challenge
Share
Tweet
Embed
Score 0/33 Timer 03:00
0 Plays Today
Hint 4-Letter Word % Correct
It's found on the beachSAND
95.3%
E-mail commandSEND
94.5%
Put your hands togetherCLAP
92.5%
Liver fluidBILE
92.3%
Used a doorbellRANG
91.4%
Part of a ladderRUNG
91.2%
★ Dutch wooden footwear ★CLOG
88.9%
Something to payBILL
88.4%
Lower portion of the faceCHIN
88.4%
Online diaryBLOG
88.1%
Gambling tokenCHIP
87.6%
South African currencyRAND
87.6%
Backyard buildingSHED
87.4%
British friendCHAP
87.3%
Paper holderCLIP
87.3%
Hoof soundCLOP
87.2%
★ It's sold legally in the Netherlands ★WEED
86.1%
Hint 4-Letter Word % Correct
African countryCHAD
85.7%
★ Popular Dutch mode of transport ★BIKE
85%
To start a gardenSEED
83.7%
Son of Adam and EveCAIN
83.4%
★ Common Dutch weather forecast ★RAIN
82.4%
Proceed on one's wayWEND
81.7%
Herring relativeSHAD
80.8%
★ Dutch grain grinder ★MILL
80.6%
StainBLOT
80%
★ Dutch water defense ★DIKE
79.6%
NoblemanDUKE
77.4%
Envelope closerFLAP
77.3%
★ Netherlands, topographically ★FLAT
73.4%
Sheep's cryBLAT
72.7%
Ancient Germanic letterRUNE
69.7%
★ It's found along the Dutch shore ★DUNE
69.3%

Today's Daily Dose

Missing Word
Brians

On This Day
January 17th

You're not logged in!

Compare scores with friends on all Sporcle quizzes.
Sign Up with Email
OR
Log In

You Might Also Like...

Show Comments

Extras

Top Quizzes Today


Score Distribution

Your Account Isn't Verified!

In order to create a playlist on Sporcle, you need to verify the email address you used during registration. Go to your Sporcle Settings to finish the process.